Normal view
MARC view
- Roberts, Clare, Pauline Weetman, Paul Gordon
Entry Personal Name
001 - CONTROL NUMBER
- control field: 6857
003 - CONTROL NUMBER IDENTIFIER
- control field: JO-AjAnu
005 - DATE AND TIME OF LATEST TRANSACTION
- control field: 20230606071418.0
008 - FIXED-LENGTH DATA ELEMENTS
- fixed length control field: 230606|| aca||aabn | a|a d
040 ## - CATALOGING SOURCE
- Original cataloging agency: JO-AjAnu
- Transcribing agency: JO-AjAnu
100 ## - HEADING--PERSONAL NAME
- Personal name: Roberts, Clare, Pauline Weetman, Paul Gordon
670 ## - SOURCE DATA FOUND
- Source citation: Work cat.: (JO-AjAnu)3553: Roberts, Clare, Pauline Weetman, Paul Gordon, author, INTERNATIONAL FINANCIAL ACCOUNTING: A COMPARATIVE APPROACH